UBT Library

Plumer's Principles & practice of intravenous therapy / (Record no. 44582)

000 -LEADER
fixed length control field 00869pam a2200277 a 4500
001 - CONTROL NUMBER
control field 3452263
005 - DATE AND TIME OF LATEST TRANSACTION
control field 20180309073220.0
008 - FIXED-LENGTH DATA ELEMENTS--GENERAL INFORMATION
fixed length control field 921022s1993 paua b 001 0 eng c
010 ## - LIBRARY OF CONGRESS CONTROL NUMBER
LC control number 92048916
020 ## - INTERNATIONAL STANDARD BOOK NUMBER
International Standard Book Number 039755009X
040 ## - CATALOGING SOURCE
Original cataloging agency DNLM/DLC
Transcribing agency DLC
Modifying agency DLC
041 ## - LANGUAGE CODE
Language code of text/sound track or separate title eng
060 ## - NATIONAL LIBRARY OF MEDICINE CALL NUMBER
Classification number WB 354 W424p
080 ## - UNIVERSAL DECIMAL CLASSIFICATION NUMBER
Universal Decimal Classification number 615.855
082 00 - DEWEY DECIMAL CLASSIFICATION NUMBER
Classification number 615.855 WEI
Edition number 20
100 1# - Rafti
Rafti 8
101 ## - Shkurtesa
Shkurtesa EGZF
245 10 - TITLE STATEMENT
Title Plumer's Principles & practice of intravenous therapy /
Statement of responsibility, etc Sharon M. Weinstein.
504 ## - BIBLIOGRAPHY, ETC. NOTE
Bibliography, etc Includes bibliographical references and index.
740 0# - ADDED ENTRY--UNCONTROLLED RELATED/ANALYTICAL TITLE
Uncontrolled related/analytical title Plumer's principles and practice of intravenous therapy.
740 0# - ADDED ENTRY--UNCONTROLLED RELATED/ANALYTICAL TITLE
Uncontrolled related/analytical title Principles & practice of intravenous therapy.
740 0# - ADDED ENTRY--UNCONTROLLED RELATED/ANALYTICAL TITLE
Uncontrolled related/analytical title Principles and practice of intravenous therapy.
906 ## - LOCAL DATA ELEMENT F, LDF (RLIN)
a 7
b cbc
c orignew
d 1
e ocip
f 19
g y-gencatlg
942 ## - ADDED ENTRY ELEMENTS (KOHA)
Source of classification or shelving scheme
Item type Books
Holdings
Withdrawn status Lost status Source of classification or shelving scheme Damaged status Not for loan Collection code Permanent location Current location Shelving location Date acquired Total Checkouts Full call number Barcode Date last seen Price effective from Koha item type
          Koleksioni i përgjithshem UBT - Lipjan UBT - Lipjan Koleksioni i lëndeve mesimore 03/09/2018   615.855 WEI 002-3001528 03/09/2018 03/09/2018 Books
          Koleksioni i përgjithshem UBT - Lipjan UBT - Lipjan Koleksioni i lëndeve mesimore 03/09/2018   615.855 WEI 002-3001512 03/09/2018 03/09/2018 Books
UBT Library © 2015-2024. All rights reserved University Education for Business and Technology